[Event "Asian Games tt (Women)"]
[Site "Hangzhou"]
[Date "2023.10.06"]
[Round "8.7"]
[White "Vantika, Agrawal"]
[Black "Li, Joy Ching"]
[Result "1-0"]
[WhiteElo "2435"]
[BlackElo "1623"]
[PlyCount "51"]
[EventDate "2023.09.29"]
[EventType "team-tourn"]
[EventRounds "9"]
[EventCountry "CHN"]
[SourceTitle "EXT 2024"]
[Source "ChessBase"]
[SourceDate "2023.10.10"]
[SourceVersion "1"]
[SourceVersionDate "2023.10.10"]
[SourceQuality "1"]
[WhiteTeam "India (W)"]
[BlackTeam "Hong Kong (W)"]
[WhiteTeamCountry "IND"]
[BlackTeamCountry "HKG"]

1. d4 Nf6 2. c4 g6 3. Nc3 d5 4. cxd5 Nxd5 5. Bd2 Bg7 6. e4 Nxc3 7. Bxc3 0-0 8. Qd2 Nc6 9. Nf3 Bg4 10. d5 Bxf3 11. Bxg7 Kxg7 12. gxf3 Ne5 13. 0-0-0 Qd6 14. Be2 Qc5+ 15. Kb1 Qxf2 16. h4 h5 17. Rdf1 Qc5 18. f4 Nd7 19. Rc1 Qb6 20. e5 Rac8 21. Bxh5 gxh5 22. Rhg1+ Kh8 23. Qe2 Kh7 24. d6 Nf6 25. exf6 Qa5 26. Rg5 1-0

[Event "World ol U16"]
[Site "Eindhoven"]
[Date "2023.08.18"]
[Round "9.25"]
[White "Li, Joy Ching"]
[Black "Ortiz Bogdanov, Pablo"]
[Result "1/2-1/2"]
[WhiteElo "1623"]
[BlackElo "1501"]
[PlyCount "47"]
[EventDate "2023.08.13"]
[EventType "team-swiss"]
[EventRounds "9"]
[EventCountry "NED"]
[SourceTitle "CBM 215 Extra"]
[Source "ChessBase"]
[SourceDate "2023.09.30"]
[SourceVersion "1"]
[SourceVersionDate "2023.09.30"]
[SourceQuality "1"]
[WhiteTeam "Hong Kong"]
[BlackTeam "Luxembourg"]
[WhiteTeamCountry "HKG"]
[BlackTeamCountry "LUX"]

1. Nf3 Nf6 2. g3 d5 3. Bg2 c6 4. 0-0 Bf5 5. d3 h6 6. Nc3 e6 7. Nd2 Be7 8. e4 Bh7 9. f4 Qb6+ 10. Kh1 h5 11. e5 Ng4 12. Qe2 Bf5 13. h3 h4 14. Na4 Qd4 15. Nb3 Qxa4 16. hxg4 hxg3+ 17. Kg1 Bg6 18. Qf3 Nd7 19. Qxg3 Nc5 20. Be3 Qb5 21. a4 Qb4 22. Bd2 Qb6 23. Be3 Qb4 24. Bd2 1/2-1/2

[Event "World ol U16"]
[Site "Eindhoven"]
[Date "2023.08.15"]
[Round "4.27"]
[White "Hsu, Che"]
[Black "Li, Joy Ching"]
[Result "1-0"]
[WhiteElo "1505"]
[BlackElo "1623"]
[PlyCount "49"]
[EventDate "2023.08.13"]
[EventType "team-swiss"]
[EventRounds "9"]
[EventCountry "NED"]
[SourceTitle "CBM 215 Extra"]
[Source "ChessBase"]
[SourceDate "2023.09.30"]
[SourceVersion "1"]
[SourceVersionDate "2023.09.30"]
[SourceQuality "1"]
[WhiteTeam "Chinese Taipei II"]
[BlackTeam "Hong Kong"]
[WhiteTeamCountry "TPE"]
[BlackTeamCountry "HKG"]

1. e4 c5 2. Nc3 Nc6 3. Bb5 Nd4 4. Bc4 e6 5. Nge2 g6 6. Nxd4 cxd4 7. Ne2 Bg7 8. d3 Ne7 9. 0-0 h6 10. Bb3 0-0 11. f4 d5 12. Ng3 b6 13. Qe1 dxe4 14. Nxe4 Bb7 15. Nd2 Nf5 16. Nf3 Rc8 17. Ne5 Qe7 18. Bd2 Rfd8 19. g4 Nh4 20. Bb4 Qf6 21. Nxf7 Kxf7 22. g5 hxg5 23. fxg5 Nf3+ 24. Rxf3 Qxf3 25. Qxe6# 1-0

[Event "Online Olym Div4 A"]
[Site "Chess.com INT"]
[Date "2021.08.21"]
[Round "7.2"]
[White "Li, Joy Ching"]
[Black "Neupane, Anisha"]
[Result "0-1"]
[WhiteElo "1244"]
[BlackElo "1459"]
[PlyCount "112"]
[EventDate "2021.08.20"]
[EventType "team (rapid)"]
[EventRounds "11"]
[EventCountry "USA"]
[SourceTitle "CBM 203 Extra"]
[Source "ChessBase"]
[SourceDate "2021.09.30"]
[SourceVersion "1"]
[SourceVersionDate "2021.09.30"]
[SourceQuality "1"]
[WhiteTeam "Hong Kong"]
[BlackTeam "Nepal"]
[WhiteTeamCountry "HKG"]
[BlackTeamCountry "NEP"]

1. Nf3 Nf6 2. c4 c5 3. g3 Nc6 4. Bg2 g6 5. 0-0 Bg7 6. Nc3 0-0 7. d4 cxd4 8. Nxd4 a6 9. e4 Qc7 10. Bg5 d6 11. Bxf6 Bxf6 12. Nd5 Qd8 13. Nxf6+ exf6 14. Rc1 Re8 15. Qd2 Qe7 16. Nxc6 bxc6 17. e5 dxe5 18. Bxc6 Rd8 19. Qa5 Bb7 20. Bxb7 Qxb7 21. b4 Rab8 22. a3 Qb6 23. Qa4 Rd4 24. c5 Qb5 25. Qxb5 axb5 26. c6 Rc8 27. Rc5 Rc4 28. Rc1 Rxc1+ 29. Rxc1 Kf8 30. Rc5 Ke7 31. Rxb5 Rxc6 32. a4 Kd6 33. Rb7 Rc7 34. Rxc7 Kxc7 35. b5 Kb6 36. Kf1 f5 37. Ke2 g5 38. Kd3 h5 39. Kc4 f4 40. Kd5 fxg3 41. hxg3 h4 42. gxh4 gxh4 43. Ke4 f5+ 44. Kf3 e4+ 45. Kf4 Ka5 46. f3 h3 47. fxe4 h2 48. Kxf5 h1Q 49. e5 Qd5 50. Kf6 Qf3+ 51. Ke7 Kxa4 52. e6 Kxb5 53. Ke8 Kc6 54. e7 Qh5+ 55. Kd8 Qd5+ 56. Ke8 Qg8# 0-1

[Event "Online Olym Div4 A"]
[Site "Chess.com INT"]
[Date "2021.08.21"]
[Round "6.6"]
[White "Nuha, Rilwan"]
[Black "Li, Joy Ching"]
[Result "0-1"]
[WhiteElo "1102"]
[BlackElo "1244"]
[PlyCount "84"]
[EventDate "2021.08.20"]
[EventType "team (rapid)"]
[EventRounds "11"]
[EventCountry "USA"]
[SourceTitle "CBM 203 Extra"]
[Source "ChessBase"]
[SourceDate "2021.09.30"]
[SourceVersion "1"]
[SourceVersionDate "2021.09.30"]
[SourceQuality "1"]
[WhiteTeam "Maldives"]
[BlackTeam "Hong Kong"]
[WhiteTeamCountry "MDV"]
[BlackTeamCountry "HKG"]

1. e4 d5 2. exd5 Nf6 3. Nf3 Nxd5 4. Bc4 Bg4 5. h3 Bf5 6. 0-0 e6 7. d4 Be7 8. c3 0-0 9. Nbd2 Nd7 10. Nb3 a5 11. a3 a4 12. Nbd2 N7b6 13. Re1 Nxc4 14. Nxc4 c5 15. Ne3 Nxe3 16. Bxe3 Qb6 17. Qd2 Rfd8 18. Qe2 h6 19. Rad1 Rac8 20. Rd2 c4 21. Ne5 Qb5 22. Red1 f6 23. Nf3 Bd3 24. Qe1 e5 25. dxe5 fxe5 26. Kh2 b6 27. Ng1 Rf8 28. f3 e4 29. Qg3 Qc6 30. fxe4 Bd6 31. Qxd6 Qxd6+ 32. Kh1 Qg3 33. Nf3 Bxe4 34. Bf2 Qc7 35. Rd4 Bxf3 36. gxf3 Rxf3 37. Kg2 Rf5 38. Kg1 Rcf8 39. Bh4 Rf4 40. Bg3 Rf1+ 41. Rxf1 Qxg3+ 42. Kh1 Rxf1# 0-1

[Event "Wch FIDE Online U12 Girls Asia qual"]
[Site "Tornelo INT"]
[Date "2020.12.12"]
[Round "5"]
[White "Riddhika, Kotia"]
[Black "Li, Joy Ching"]
[Result "0-1"]
[WhiteElo "1285"]
[BlackElo "1244"]
[PlyCount "102"]
[EventDate "2020.12.11"]
[EventType "swiss (rapid)"]
[EventRounds "7"]
[EventCountry "ISS"]
[SourceTitle "EXT 2022"]
[Source "ChessBase"]
[SourceDate "2021.10.06"]
[SourceVersion "1"]
[SourceVersionDate "2021.10.06"]
[SourceQuality "1"]

1. d4 Nf6 2. Nf3 d5 3. Bf4 Bf5 4. e3 e6 5. Bd3 Bxd3 6. Qxd3 c6 7. 0-0 Be7 8. Nbd2 0-0 9. c4 Na6 10. a3 c5 11. Rac1 Rc8 12. h3 cxd4 13. Nxd4 Nc5 14. Qe2 a6 15. b4 Nce4 16. c5 Nxd2 17. Qxd2 b6 18. cxb6 Qxb6 19. Bh2 Ne4 20. Qd3 Bd6 21. f3 Bxh2+ 22. Kxh2 Nd6 23. Kh1 Nc4 24. Rf2 e5 25. Nf5 Qe6 26. Rfc2 Nb2 27. Rxc8 Nxd3 28. Rxf8+ Kxf8 29. Rc3 Qxf5 30. Rc6 Qd7 31. Rxa6 d4 32. exd4 exd4 33. Ra5 Nxb4 34. axb4 d3 35. b5 d2 36. Ra1 d1Q+ 37. Rxd1 Qxd1+ 38. Kh2 Qd6+ 39. Kh1 Qb6 40. Kh2 Qxb5 41. Kh1 Qb1+ 42. Kh2 f5 43. Kg3 g5 44. Kh2 f4 45. h4 h6 46. h5 Kf7 47. g4 fxg3+ 48. Kxg3 Qg1+ 49. Kh3 Kf6 50. f4 gxf4 51. Kh4 Qg3# 0-1

[Event "Hong Kong op"]
[Site "Hong Kong"]
[Date "2018.10.08"]
[Round "4"]
[White "Li, Joy Ching"]
[Black "Bret, Jean Sebastien"]
[Result "1-0"]
[WhiteElo "1137"]
[BlackElo "1534"]
[PlyCount "91"]
[EventDate "2018.09.03"]
[EventType "swiss"]
[EventRounds "7"]
[EventCountry "HKG"]
[SourceTitle "CBM 187 Extra"]
[Source "ChessBase"]
[SourceDate "2018.11.04"]
[SourceVersion "1"]
[SourceVersionDate "2018.11.04"]
[SourceQuality "1"]

1. Nf3 Nf6 2. g3 e6 3. Bg2 d5 4. c4 Be7 5. 0-0 0-0 6. d4 dxc4 7. Qc2 a6 8. Nbd2 b5 9. e4 h6 10. a4 c6 11. axb5 cxb5 12. e5 Nd5 13. Ne4 Ra7 14. Re1 Nc6 15. Bd2 Rc7 16. h3 Ncb4 17. Qb1 Bb7 18. Rd1 Qd7 19. Kh2 Rfc8 20. Rc1 Nd3 21. Rf1 N5b4 22. Nc3 Bxf3 23. Bxf3 Qxd4 24. Ne4 Qxb2 25. Qxb2 Nxb2 26. Rfb1 N4d3 27. Rxa6 Rb8 28. Bc3 Ba3 29. Rxa3 b4 30. Bxb4 Rxb4 31. Ra8+ Kh7 32. Ra3 Rb3 33. Rxb3 cxb3 34. Nd2 Rc3 35. Kg2 g6 36. Be2 Kg7 37. Nxb3 Nc4 38. Bxd3 Rxd3 39. f4 Ne3+ 40. Kf2 Nf5 41. g4 Nh4 42. Nc5 Rxh3 43. Rb7 Rf3+ 44. Ke2 Rxf4 45. Nxe6+ Kg8 46. Nxf4 1-0

[Event "Olympiad Women-43"]
[Site "Batumi"]
[Date "2018.10.03"]
[Round "9.4"]
[White "Li, Joy Ching"]
[Black "Valombola, Magdalena"]
[Result "1-0"]
[WhiteElo "1137"]
[BlackElo "1364"]
[PlyCount "93"]
[EventDate "2018.09.24"]
[EventType "team-swiss"]
[EventRounds "11"]
[EventCountry "GEO"]
[SourceTitle "EXT 2020"]
[Source "ChessBase"]
[SourceDate "2019.10.17"]
[SourceVersion "1"]
[SourceVersionDate "2019.10.17"]
[SourceQuality "1"]
[WhiteTeam "Hong Kong (W)"]
[BlackTeam "Namibia (W)"]
[WhiteTeamCountry "HKG"]
[BlackTeamCountry "NAM"]

1. Nf3 d5 2. g3 Nf6 3. Bg2 Bf5 4. c4 e6 5. 0-0 Be7 6. d3 Nbd7 7. Nc3 c6 8. Bf4 d4 9. Nxd4 Bxd3 10. Nxc6 bxc6 11. exd3 Rc8 12. Be3 Qc7 13. Qa4 a5 14. d4 Ng4 15. Bf4 Qb6 16. Qd1 Ngf6 17. Rb1 0-0 18. c5 Qa6 19. Re1 Rfd8 20. Qe2 Qxe2 21. Rxe2 Nh5 22. Be3 Nb8 23. a3 g6 24. b4 axb4 25. Rxb4 Bf6 26. Rd2 Ng7 27. Rbb2 Nf5 28. Ne4 Bg7 29. Bg5 Rd7 30. Nf6+ Bxf6 31. Bxf6 Nh6 32. h3 Kf8 33. Rb6 Ng8 34. Be5 Ra7 35. Rxb8 Rxb8 36. Bxb8 Rxa3 37. Bd6+ Kg7 38. Bxc6 Ra6 39. Bb7 Ra1+ 40. Kg2 Nf6 41. Be5 g5 42. Be4 Re1 43. f3 Rc1 44. Rc2 Ra1 45. c6 Ra5 46. c7 Rxe5 47. dxe5 1-0

[Event "Hong Kong op"]
[Site "Hong Kong"]
[Date "2018.09.03"]
[Round "1"]
[White "Li, Joy Ching"]
[Black "Pu, Henry"]
[Result "0-1"]
[WhiteElo "1137"]
[BlackElo "1750"]
[PlyCount "122"]
[EventDate "2018.09.03"]
[EventType "swiss"]
[EventRounds "7"]
[EventCountry "HKG"]
[SourceTitle "CBM 187 Extra"]
[Source "ChessBase"]
[SourceDate "2018.11.04"]
[SourceVersion "1"]
[SourceVersionDate "2018.11.04"]
[SourceQuality "1"]

1. Nf3 d5 2. g3 Nf6 3. Bg2 c6 4. c4 e6 5. 0-0 Be7 6. d4 0-0 7. Bf4 Nbd7 8. Nbd2 b6 9. Re1 Bb7 10. e4 dxe4 11. Nxe4 Nxe4 12. Rxe4 Rc8 13. Rc1 Re8 14. Re1 c5 15. a3 cxd4 16. Qxd4 Bf6 17. Qd2 Nc5 18. Qxd8 Rexd8 19. b4 Nd3 20. Red1 Nxc1 21. Rxc1 Bb2 22. Rb1 Bxa3 23. h3 Bxf3 24. Bxf3 Rxc4 25. Rb3 Bxb4 26. Be2 Rxf4 27. gxf4 Bc5 28. Rf3 a5 29. Bb5 Rd1+ 30. Kg2 g6 31. Rb3 Rd4 32. Kg3 Rb4 33. Rxb4 Bxb4 34. Kf3 Kf8 35. Ke4 Ke7 36. Ke5 f5 37. Kd4 Bc5+ 38. Kc4 Bxf2 39. Kd3 Kd6 40. Bc4 e5 41. fxe5+ Kxe5 42. Bg8 h6 43. Bh7 g5 44. Bg8 Kf4 45. Ke2 Bc5 46. Be6 g4 47. hxg4 fxg4 48. Bd7 h5 49. Be8 h4 50. Bc6 h3 51. Kf1 g3 52. Bd5 a4 53. Bc6 a3 54. Bd5 b5 55. Bc6 a2 56. Ke2 a1Q 57. Bb7 g2 58. Bxg2 hxg2 59. Kd3 g1Q 60. Kc2 Qgd4 61. Kb3 Qab2# 0-1

[Event "East Asia-ch U10 Girls 3rd"]
[Site "Shanghai"]
[Date "2018.08.05"]
[Round "5.2"]
[White "Li, Joy Ching"]
[Black "Liu, Xinrui"]
[Result "1/2-1/2"]
[WhiteElo "1083"]
[BlackElo "1315"]
[PlyCount "98"]
[EventDate "2018.08.02"]
[EventType "swiss"]
[EventRounds "9"]
[EventCountry "CHN"]
[SourceTitle "EXT 2022"]
[Source "ChessBase"]
[SourceDate "2021.10.06"]
[SourceVersion "1"]
[SourceVersionDate "2021.10.06"]
[SourceQuality "1"]

1. Nf3 e6 2. g3 Nf6 3. c4 c6 4. Bg2 d5 5. 0-0 Nbd7 6. d4 Be7 7. Re1 0-0 8. cxd5 exd5 9. Nc3 Bb4 10. Bd2 Re8 11. a3 Bxc3 12. Bxc3 Qb6 13. Qc2 Ne4 14. Nd2 Ndf6 15. e3 Nxd2 16. Bxd2 Ne4 17. Rab1 Bf5 18. Rbc1 Nxg3 19. Qd1 Ne4 20. b4 Qd8 21. Qf3 Qg5 22. Bc3 Nxc3 23. Rxc3 Be4 24. Qg3 Qxg3 25. fxg3 Bxg2 26. Kxg2 Re4 27. Rec1 Rae8 28. Re1 g5 29. h3 Kg7 30. a4 a6 31. a5 f5 32. Rf1 Kg6 33. Kf3 R8e6 34. Rg1 Rf6 35. Rg2 g4+ 36. hxg4 fxg4+ 37. Ke2 h5 38. Rf2 Rxf2+ 39. Kxf2 Re6 40. Kf1 Kg5 41. Kf2 h4 42. gxh4+ Kxh4 43. Kg1 g3 44. Kg2 Rf6 45. Rc2 Kg4 46. Re2 Re6 47. Re1 Rh6 48. e4 Re6 49. e5 Kf4 1/2-1/2